000 01748nam a2200253 a 4500
005 20200104041553.0
008 130808b2005 ck ||||| |||| 00| 0 spa d
040 _cCO-BoIH
041 _aspa
090 _aIAVH
_b00437
100 _aBorda Almanza, Carlos Andrés
_91317
245 _aMetodología para la ordenación de la Cuenca del Río Cane-Iguaque
_bfase diagnóstica
_cCarlos Andrés, Borda Almanza
260 _aBogotá
_bInstituto Alexander von Humboldt
_c2005
300 _a73 p.
500 _aEn el marco del plan de ordenación de la Cuenca del Rio Cane-Iguaque
520 _aEl principal objetivo del ordenamiento de la cuenca es planificar el uso y manejo sostenible de los recursos naturales renovables y la conservación de la estructura físico-biótica de la cuenca y de sus recursos hídricos, en particular. El ordenamiento y manejo de cuencas se entiende como un proceso de planeación, el cual debe contener cinco fases: 1) diagnóstico, 2) prospectiva, 3) formulación, 4) ejecución, 5) seguimiento y evaluación. Con base en esta metodología se diseñan varias actividades, como: Estrategia de comunicación participativa y propuesta de educación ambiental. Caracterización de condiciones socioeconómicas e institucionales de la cuenca. Análisis del impacto de patrones de uso sobre el estado de la biodiversidad y servicios ambientales. Diseño de incentivos a partir de información recopilada en la fase de diagnóstico
650 _aOrdenamiento territorial
_930572
650 _aEducación ambiental
_9162
650 _aCaracterización socioeconómica
_91318
650 _aImpacto de patrones de uso
_91319
650 _aIncentivos de conservación
_91320
942 _2z
_cINFORME
945 _d2005-11-11
999 _c4804
_d4804